000 00278nam a2200109Ia 4500
008 190911s9999||||xx |||||||||||||| ||und||
100 _aGovt Finance Division
245 0 _aPakistan Economic Survey 1998-99
260 _aIslamabad
_bRoyal Book
_c2004
300 _a132
942 _cBK
999 _c6932
_d6932